| 000 | 00483nam a2200157Ia 4500 | ||
|---|---|---|---|
| 008 | 200302s9999 xx 000 0 und d | ||
| 020 | _a9780323393119 | ||
| 100 | _aRamsden, Jeremy J. | ||
| 245 |
_cJeremy J. Ramsden.-- _aNanotechnology : _ban Introduction / |
||
| 250 | _a2nd | ||
| 260 |
_aUSA: _bElsevier _c2016 |
||
| 300 |
_axviii, 340 pages : _bcolored illustrations; _c25 cm. |
||
| 500 | _aIncludes bibliography and index. | ||
| 650 | _aNanoscience. | ||
| 650 | _aNanotechnology. | ||
| 999 |
_c363045 _d363045 |
||